01349nam a2200241Ia 4500001001100000003001000011008004100021040002500062041001300087100003100100245009000131250001100221260006200232300001200294500021800306501011400524520021800638650003400856942000700890957000600897999004200903952016200945L251-17489IT-CnALBA170116s9999||||xx |||||||||||||| ||und|| aIT-CnALBAcIT-CnALBA aITALIANO aFORNASARI D. EUGENIO, SSP. 0aGRIDATELO SUI TETTI. LEZIONE DEI VANGELI FESTIVI INTERPRETATI SU FAMIGLIA CRISTIANA.' a1a ed. aCINISELLO BALSAMO (MI)bEDIZIONI PAOLINEc [1° Ed.:1967] a350 p.  aAVVENTO. NATALE. NOME DI GESÙ. EPIFANIA. QUARESIMA. PASSIONE. PASQUA. ASCENSIONE. PENTECOSTE. TRINITÀ. CORPUS DOMINI. S. CUORE. DOMENICHE ORDINARIE. CRISTO RE. TUTTI I SANTI. DEFUNTI. IMMACOLATA. S. GIUSEPPE.' aSocietà San Paolo EM - Piazza San Paolo, 14 - 12051 ALBA (CN) (non commercial uses only) ® Copyright 2017 aAVVENTO. NATALE. NOME DI GESÙ. EPIFANIA. QUARESIMA. PASSIONE. PASQUA. ASCENSIONE. PENTECOSTE. TRINITÀ. CORPUS DOMINI. S. CUORE. DOMENICHE ORDINARIE. CRISTO RE. TUTTI I SANTI. DEFUNTI. IMMACOLATA. S. GIUSEPPE.' aPREDICAZIONE - ORATORIA SACRA cBK 71 a22233bNOg Copie: 1 c276642d276642 0010406L_2511748971aALBAbALBAd2017-01-16l0oL251-17489r2017-01-16 00:00:00w2017-01-16yBKz(data import: 16 gennaio 2017) - By Epidotti, Vaglietti.